| Tag |
First Indicator |
Second Indicator |
Subfields |
| LEADER |
00000cam a2200000 4500 |
| 001 |
in00000028769 |
| 005 |
20170406141317.0 |
| 008 |
740514s1947 enkcfg 00000beng u |
| 010 |
|
|
|a 47031287
|
| 035 |
|
|
|a (OCoLC)00884967
|
| 035 |
|
|
|9 AAD5898AM
|
| 040 |
|
|
|c KSU
|d TXA
|d UtOrBLW
|
| 049 |
|
|
|a TXAM
|
| 050 |
0 |
0 |
|a ML410.M9
|b D32 1947
|
| 092 |
|
|
|a 782.3
|b D414m2
|
| 100 |
1 |
|
|a Dent, Edward J.
|q (Edward Joseph),
|d 1876-1957.
|
| 245 |
1 |
0 |
|a Mozart's operas :
|b a critical study /
|c Edward J. Dent.
|
| 250 |
|
|
|a 2d ed.
|
| 264 |
|
1 |
|a London ;
|a New York :
|b Oxford University Press,
|c 1947.
|
| 300 |
|
|
|a xi, 276 pages :
|b plates, portraits, music ;
|c 23 cm.
|
| 336 |
|
|
|a text
|b txt
|2 rdacontent
|
| 337 |
|
|
|a unmediated
|b n
|2 rdamedia
|
| 338 |
|
|
|a volume
|b nc
|2 rdacarrier
|
| 536 |
|
|
|a From the Howard Mayer Brown, Edward Downes and Mary Schieffelin book collections, October 2004.
|
| 600 |
1 |
0 |
|a Mozart, Wolfgang Amadeus,
|d 1756-1791.
|
| 999 |
|
|
|a MARS
|
| 999 |
f |
f |
|s bb71e198-0c93-30bb-9c69-1b2e26574b19
|i 8ddce88c-56c9-3160-8213-71e9a6af5683
|t 0
|
| 952 |
f |
f |
|p storage
|a Texas A&M University
|b J.J. Pickle Campus
|c High Density Repository
|s HDR
|d Remote Storage
|t 0
|e ML410.M9 D32 1947
|h Library of Congress classification
|i unmediated -- volume
|m A14833652786
|
| 952 |
f |
f |
|p ric
|a Texas A&M University
|b Rellis Campus
|c Joint Library Facility
|s JLF
|d Remote Storage
|t 0
|e ML410.M9 D32 1947
|h Library of Congress classification
|i unmediated -- volume
|m A14832317901
|
| 998 |
f |
f |
|a ML410.M9 D32 1947
|t 0
|l Remote Storage
|
| 998 |
f |
f |
|a ML410.M9 D32 1947
|t 0
|l Remote Storage
|